100 Questions about Azerbaijan - Statistics

General Stats
  • This quiz has been taken 26 times
  • The average score is 25 of 100
Answer Stats
Answer % Correct
Baku
76%
Russia
76%
Iran
71%
Armenia
65%
Kura
65%
Turkey
65%
Georgia
59%
Petroleum
59%
Football
53%
Islam
53%
Heydar Aliyev
47%
Ilham Aliyev
47%
Natural gas
47%
Qarabağ
47%
Azerbaijani manat
41%
Ganja
41%
Pakhlava
41%
Pomegranate
41%
SOCAR
41%
Sumgayit
41%
Aras
35%
AzTV
35%
Heydar Aliyev Center
35%
Karabakh horse
35%
Mugham
35%
Shakarbura
35%
Shorgoghal
35%
Absheron peninsula
29%
Abulfaz Elchibey
29%
Ateshgah of Baku
29%
Baku Olympic Stadium
29%
Buta
29%
Caspian Sea
29%
Flame Towers
29%
Italy
29%
Mehriban Aliyeva
29%
Nakhchivan Autonomous Republic
29%
New Azerbaijan Party
29%
Shusha
29%
Azercell
24%
Azercosmos
24%
Baku Crystal Hall
24%
Christianity
24%
Emin
24%
Gurban Gurbanov
24%
Kelaghayi
24%
Lezgins
24%
Mahammad Amin Rasulzade
24%
Maiden Tower
24%
Molla Nasraddin
24%
Russians
24%
Talysh
24%
Uzeyir Hajibeyov
24%
Yalli
24%
Ayaz Mutallibov
18%
Battle of Chaldiran
18%
Dushbara
18%
First Nagorno-Karabakh War
18%
Gobustan
18%
Ismail I
18%
Khojaly Massacre
18%
Mount Bazardüzü
18%
Qutab
18%
Rashid Behbudov
18%
Shaki
18%
Treaty of Gulistan
18%
Treaty of Turkmenchay
18%
Alim Qasimov
12%
Battle of Baku
12%
Black January
12%
Formula 1
12%
Imadaddin Nasimi
12%
Iron ore
12%
Jafar Jabbarly
12%
Lachin corridor
12%
Lahij
12%
Lake Masazir
12%
Land of Fire
12%
Lotfi A. Zadeh
12%
Meykhana
12%
Mingachevir
12%
Muslim Magomayev
12%
Vagif Mustafazadeh
12%
Alinja Castle
6%
Ashiq music
6%
Azerbaijan Airlines
6%
Azerspace-1
6%
GUAM
6%
Juma Mosque
6%
Khinalug
6%
Khurshidbanu Natavan
6%
Nadir Ibrahimov
6%
Panah Ali Khan
6%
Bartholomew the Apostle
0%
Capital punishment
0%
Garanohur
0%
Kerim Kerimov
0%
Momine Khatun Mausoleum
0%
Nariman Narimanov
0%
Rafig Babayev
0%
No matching quizzes found
Score Distribution
Percent of People with Each Score
Percentile by Number Answered
Your Score History
You have not taken this quiz